000 00662nam a2200193Ia 4500
003 GCL
008 140319s9999 xx 000 0 ara d
040 _aGCL /
_cGCL
082 0 4 _a621.38
_bف ش
100 1 _aفاروق سيد حسين
245 1 0 _aالشبكة الرقمية للخدمات المتكاملة /
_cفاروق سيد حسين
260 _a[S.N] :
_bدار الراتب الجامعية
300 _a109 ص
490 _aسلسلة علم الاتصالات والاجهزة الالكترونية
_v0
650 0 4 _aالدوائر الالكترونية
650 0 4 _aالاتصالات
650 0 4 _aالتليفون
942 _2ddc
_cBK
999 _c55255
_d55255